Cuaderno de ejercicios : El amanecer del pueblo /

Gardado en:
Detalles Bibliográficos
Formato: Libro
Idioma:Lingua castelá
Publicado: Managua, Nicaragua : Ministerio de Educación, 1979
Temas:
Etiquetas: Engadir etiqueta
Sen Etiquetas, Sexa o primeiro en etiquetar este rexistro!

MARC

LEADER 00000nam^a2200000^a^4500
001 000397858
005 20250521000000.0
009 20260310121509.319
037 |a Acervo ITESO - Biblioteca 
041 |a ESP 
082 |a 370. 194097285  |b CUA 
245 0 0 |a Cuaderno de ejercicios :  |b El amanecer del pueblo / 
264 1 |a Managua, Nicaragua :  |b Ministerio de Educación,  |c 1979 
300 |a 108 p. 
336 |a texto  |b txt  |2 rdacontenido 
337 |a sin mediación  |b n  |2 rdamedio 
338 |a volumen  |b nc  |2 rdasoporte 
649 |a XX 
650 |a Alfabetización -  |z Nicaragua -  |x Historia -  |y Régimen Sandinista, 1979-1990 
650 |a Alfabetización -  |z Nicaragua -  |x Tema Principal 
650 |a Educación de Adultos 
650 |a Educación y Promoción Popular 
910 |a Fondo Carlos Núñez Hurtado 
920 |a Impresos - Libros 
930 |a Fondos Especiales 
905 |a 117 
901 |a 0500293209  |b IT2  |c ESP  |i D 80228  |u 20250521 
902 |a https://opac.biblio.iteso.mx/vufind/Record/000397858